Deutsche Universitätsstädte - Sudden Death - Statistiken

Allgemein
  • Dieses Quiz wurde 273 mal gespielt
  • Das Durchschnittsergebnis liegt bei 13 aus 18
Answers on the Grid
Answers color-coded by a green-red scale on the quiz's grid according to % correct below.
Gießen
Göttingen
Aachen
Kiel
Marburg
Bayreuth
Erlangen
Darmstadt
Kassel
Bonn
Freiburg im Breisgau
Siegen
Kaiserslautern
Jena
Saarbrücken
Tübingen
Oldenburg
Potsdam
Nordhorn
Oberhausen
Schwerin
Rheine
Friedrichshafen
Baden-Baden
Elmshorn
Velbert
Hanau
Offenbach am Main
Neunkirchen
Herne
 
Antwortstatistiken
Antwort % Korrekt
Göttingen
87%
Aachen
83%
Bonn
83%
Freiburg im Breisgau
81%
Tübingen
80%
Kiel
79%
Darmstadt
76%
Kassel
75%
Marburg
74%
Saarbrücken
73%
Jena
72%
Potsdam
72%
Gießen
67%
Erlangen
65%
Bayreuth
64%
Oldenburg
61%
Kaiserslautern
46%
Siegen
43%
Keine übereinstimmenden Quizze gefunden
Verteilung der Resultate
Anzahl Personen mit jedem Resultat
Perzentil nach korrekt beantworteten Fragen
Ihre Resultats-Entwicklung
Sie haben dieses Quiz noch nicht gespielt